Refugees and Migrants in Times of COVID-19 : Mapping Trends of Public Health and Migration Policies and Practices.

Bibliographic Details
Format: eBook
Language:English
Published: Geneva : World Health Organization, 2021.
Edition:1st ed.
Subjects:
Online Access:Click to View
LEADER 02202nam a22003253i 4500
001 EBC31498673
003 MiAaPQ
005 20240729202206.0
006 m o d |
007 cr cnu||||||||
008 240729s2021 xx o ||||0 eng d
020 |a 9789240028906  |q (electronic bk.) 
035 |a (MiAaPQ)EBC31498673 
035 |a (Au-PeEL)EBL31498673 
040 |a MiAaPQ  |b eng  |e rda  |e pn  |c MiAaPQ  |d MiAaPQ 
245 1 0 |a Refugees and Migrants in Times of COVID-19 :  |b Mapping Trends of Public Health and Migration Policies and Practices. 
250 |a 1st ed. 
264 1 |a Geneva :  |b World Health Organization,  |c 2021. 
264 4 |c Ã2021. 
300 |a 1 online resource (62 pages) 
336 |a text  |b txt  |2 rdacontent 
337 |a computer  |b c  |2 rdamedia 
338 |a online resource  |b cr  |2 rdacarrier 
505 0 |a Intro -- Foreword -- Preface -- Acknowledgements -- Abbreviations -- Executive summary -- 1. Introduction -- 1.1 Background -- 1.2 Objective of the report -- 1.3 Methodology -- 2. Mapping of policies and practices -- 2.1 Border policies in times of COVID-19 -- 2.2 Migration policy responses to COVID-19 for foreigners within national borders -- 2.3 Policies on access to health care for refugees, migrants and asylum seekers in times of COVID-19 -- 3. Discussion -- 3.1 Border policies in times of COVID-19 -- 3.2 Migration policy responses to COVID-19 for foreigners within national borders -- 3.3 Policies on access to health care for migrants, refugees and asylum seekers in times of COVID-19 -- 4. Policy considerations -- 5. Moving towards an integrated approach to migration and public health policies -- References. 
588 |a Description based on publisher supplied metadata and other sources. 
590 |a Electronic reproduction. Ann Arbor, Michigan : ProQuest Ebook Central, 2024. Available via World Wide Web. Access may be limited to ProQuest Ebook Central affiliated libraries.  
655 4 |a Electronic books. 
776 0 8 |i Print version:  |t Refugees and Migrants in Times of COVID-19  |d Geneva : World Health Organization,c2021 
797 2 |a ProQuest (Firm) 
856 4 0 |u https://ebookcentral.proquest.com/lib/matrademy/detail.action?docID=31498673  |z Click to View